000 00677nam a2200241 i 4500
001 9315
003 ES-MaACL
005 20250824212229.0
007 t|
008 930805s1988 sp ||||1| spa d
020 _a84-86568-22-6
080 _a86-4"19"
080 _a86(Pasquau,J.7 T.01)
100 1 _aPasquau, Juan.
_989429
245 1 0 _aTiempo ganado /
_cJuan Pasquau.
250 _a[1ª ed.].
260 _aMadrid :
_bPrensa y Ediciones Iberoamericanas,
_c1988.
300 _a192 p. ;
_c18 cm.
490 1 _aLos Libros de doña Berta ;
_v15
830 0 4 _aLos libros de doña Berta
_v15
_9178268
852 _aES-MaACL
_jL-16972
_bR.118498
999 _c9315
_d9315